00243nam a2200097Ia 4500082001200000100001600012245006700028250002500095260000900120300001600129 aTA.0261 aAnil Rattan 0aRole of HPFC in the industrial development of Himachal Pradesh aHimachal Pradesh Uni c2001 axvii, 325p.